000 01141nam a2200313 i 4500
001 000026431
003 DO-SdBNP
005 20240711135015.0
007 ta
008 110317s1971 dr 001 0bspa d
040 _aDO-SdBNP
_bspa
_cBNPHU
_erda
082 4 _a923.27293
_bD812G
_222
100 1 _aGarcía Lluberes, Alcides,
_938561
_eAUTOR
245 1 0 _aDuarte y otros temas /
_cAlcides García Lluberes.
264 _aSanto Domingo :
_bDel Caribe,
_c1971.
300 _a786 páginas ;
_c23 cm.
336 _2rdacontent
_atexto
_btxt
337 _2rdamedia
_asin mediación
_bn
338 _2rdacarrier
_avolumen
_bnc
490 _aAcademia Dominicana de la Historia
_v28
500 _aIncluye índice de personas, lugares y materias.
504 _aIncluye referencias bibliográficas y notas al pie de las páginas.
590 _aInventariado, 2020 /LP
600 1 4 _aDuarte, Juan Pablo,
_d1813-1876
_91494
651 4 _aRepública Dominicana --
_xHistoria --
_y1844-1930
_91009
651 4 _aRepública Dominicana
_xHistoria
_yOcupación Haitiana,1822-1844
_97666
910 _aValidado. Control de calidad EMS
942 _2ddc
_cLBS1
999 _c25923
_d25923